Řeč těla přesvědčte svou mimikou, gesty a držením těla
Gespeichert in:
| 1. Verfasser: | |
|---|---|
| Weitere Verfasser: | |
| Format: | Buch |
| Sprache: | Tschechisch |
| Veröffentlicht: |
Praha
GRADA
2007
|
| Ausgabe: | dotisk 2009 |
| Schriftenreihe: | Praxe & kariéra
|
| Schlagworte: | |
| Tags: |
Keine Tags, Fügen Sie das erste Tag hinzu!
|
MARC
| LEADER | 00000nam a2200000 4500 | ||
|---|---|---|---|
| 001 | 0121378 | ||
| 005 | 20240313133458.1 | ||
| 020 | |a 978-80-247-2008-1 | ||
| 041 | 0 | |a cze | |
| 044 | |a CZ | ||
| 245 | 1 | 0 | |a Řeč těla |b přesvědčte svou mimikou, gesty a držením těla |c Tiziana Bruno, Gregor Adamczyk |
| 250 | |a dotisk 2009 | ||
| 264 | 1 | |a Praha |b GRADA |c 2007 | |
| 300 | |a 151 s. | ||
| 490 | 1 | |a Praxe & kariéra | |
| 830 | 0 | |a Praxe & kariéra | |
| 610 | 2 | 0 | |a komunikácia neverbálna |
| 610 | 2 | 0 | |a sebapoznanie |
| 610 | 2 | 0 | |a sebavýchova |
| 610 | 2 | 0 | |a motivácia |
| 610 | 2 | 0 | |a psychológia |
| 100 | 1 | |a Bruno, Tiziana | |
| 700 | 1 | |a Adamczyk, Gregor | |